A Petition presented to the Parliament from the countie of Nottingham : complaining of grievances under the ecclesiasticall government by archbishops, bishops, &c. arising from the inconveniences in that forme or constitution of government and praying the removall of the same inconveniences : together with a schedule annexed to the same petition containing the heads of the said grievances : and a remonstrance also annexed shewing the inconveniences in that forme of church-government and how the grievances complained of, doe arise from the same which will be further declared and made good, upon grounds of religion, reason, and experience.

Bibliographic Details
Format: eBook
Language:English
Published: [London? : publisher not identified] 1641.
Series:Early English books online.
Subjects:
Online Access:Connect to the full text of this electronic book

MARC

Tag First Indicator Second Indicator Subfields
LEADER 00000nam a2200000Ia 4500
001 in00004290806
005 20200810080646.0
006 m g d
007 cr bn |||a|bb|
008 851029s1641 enk o 00| | eng d
035 |a (OCoLC)12732057 
040 |a EAA  |c EAA  |d m/c  |d UMI  |d WaOLN 
037 |a CL0037000007  |b ProQuest Information and Learning. 300 N. Zeeb Rd., Ann Arbor, MI 48106 
049 |a UMIA 
245 0 2 |a A Petition presented to the Parliament from the countie of Nottingham :  |b complaining of grievances under the ecclesiasticall government by archbishops, bishops, &c. arising from the inconveniences in that forme or constitution of government and praying the removall of the same inconveniences : together with a schedule annexed to the same petition containing the heads of the said grievances : and a remonstrance also annexed shewing the inconveniences in that forme of church-government and how the grievances complained of, doe arise from the same which will be further declared and made good, upon grounds of religion, reason, and experience. 
260 |a [London? :  |b publisher not identified]  |c 1641. 
300 |a 1 online resource ([4], 28 pages) 
336 |a text  |b txt  |2 rdacontent 
337 |a computer  |b c  |2 rdamedia 
338 |a online resource  |b cr  |2 rdacarrier 
500 |a Reproduction of original in Thomason Collection, British Library. 
510 4 |a Wing  |c P1849 
533 |a Electronic reproduction.  |b Ann Arbor, Mich. :  |c UMI,  |d 1999-  |f (Early English books online)  |n Digital version of: (Early English books, 1641-1700 ; 253:E160, no 4)  |7 s1999 miun s 
610 2 0 |a Church of England  |x Government  |y 17th century. 
650 0 |a Church and state  |x Church of England. 
651 0 |a Nottingham (England)  |x History  |v Sources. 
830 0 |a Early English books online. 
856 4 0 |u http://proxy.library.tamu.edu/login?url=https://search.proquest.com/docview/2240961963  |z Connect to the full text of this electronic book  |t 0 
999 f f |s 21d6c7eb-1aca-3707-9490-7dcbe4764392  |i 9d86c4eb-4137-3fac-a92b-35ee619f6e8d  |t 0 
952 f f |a Texas A&M University  |b College Station  |c Electronic Resources  |d Available Online  |t 0  |h No information provided 
998 f f |t 0  |l Available Online